Trouve le joueur 🇵🇹⚽️ - Statistiques

Statistiques générales
  • Ce quiz a Ă©tĂ© pris 76 fois
  • Le rĂ©sultat moyen est 22 sur 30
Statistiques - réponses
Par images Réponse % Correct
Pepe
100%
Ronaldo
100%
Mendes
99%
Fernandes
97%
Eusebio
94%
Neves
94%
Neves
94%
Vitinha
91%
Figo
88%
Jota
88%
Silva
87%
Quaresma
84%
Bernardo Silva
82%
Dias
81%
Patricio
79%
Pauleta
79%
Nani
78%
Deco
74%
Fonte
71%
Moutinho
68%
CoentrĂŁo
62%
Gomes
60%
Eder
56%
Conceição
54%
Conceição
54%
Vieira
46%
Mora
40%
Maniche
37%
Quenda
29%
Postiga
18%
Aucun quiz correspondant
Distribution des résultats
% des personnes avec chaque résultat
Percentile par nombre de réponses
Votre historique - résultats
Vous n’avez pas pris ce quiz